000 00713nam a2200265Ia 4500
003 OSt
005 20220918163435.0
006 a|||||r|||| 00| 0
007 ta
008 220917b |||||||| |||| 00| 0 eng d
020 _a0 85520 312 9
024 _a251,783
037 _cTextual
040 _aARTS
_cARTS
_beng
041 _2eng
_aeng
082 _aY7:(Z), L9
100 _aRoberts Simon
_913184
245 0 _aOrder and dispute
_b An introduction to legal anthropology
260 _aOxford
_bPenguin Books UK
_c1979
300 _a211p.
_ccm.
490 _aLaw in society series
650 _aSOCIOLOGY
942 _hY7:(Z), L9
_cTEXL
_2CC
999 _c119631
_d119631